Colusión y daños a los consumidores
Guardat en:
| Autors principals: | , |
|---|---|
| Format: | Llibre |
| Idioma: | espanyol |
| Publicat: |
Santiago, Chile
Thomson Reuters, Legal Publishing
2019
|
| Edició: | 1a. ed |
| Col·lecció: | Monografías
|
| Matèries: | |
| Accés en línia: | Disponible Online en Thomson Proview |
| Etiquetes: |
Afegir etiqueta
Sense etiquetes, Sigues el primer a etiquetar aquest registre!
|
MARC
| LEADER | 00000cam a2200000 a 4500 | ||
|---|---|---|---|
| 001 | UCC9805 | ||
| 003 | CL-VaPUC | ||
| 005 | 20230523110639.0 | ||
| 008 | 191111e20190000cl spa d | ||
| 999 | |c 178777 |d 178775 | ||
| 020 | |a 9789564000701 | ||
| 040 | |c Pontificia Universidad Católica de Valparaíso | ||
| 082 | 0 | 4 | |a 343.83072 HER 2019 |2 21 |
| 100 | |a Hernández Paulsen, Gabriel |e author |9 245686 | ||
| 245 | 1 | 0 | |a Colusión y daños a los consumidores |
| 250 | |a 1a. ed | ||
| 260 | |a Santiago, Chile |b Thomson Reuters, |b Legal Publishing |c 2019 | ||
| 300 | |a 178 páginas | ||
| 440 | |a Monografías |9 856527 | ||
| 583 | |a last modification |c 20191111 01:17:00 |k cmena | ||
| 650 | 0 | 7 | |a COLUSION |2 CL-VaPUC |9 562177 |
| 650 | 0 | 0 | |a Monopolios |9 255549 |
| 650 | 0 | 0 | |a Libre competencia |9 391595 |
| 700 | 1 | |a Tapia Rodríguez, Mauricio |e author |9 605130 | |
| 852 | |a BIBCUR | ||
| 856 | |u https://pucv.idm.oclc.org/login?url=https://proview.thomsonreuters.com/library.html?sponsor=IPPUCV-2 |y Disponible Online en Thomson Proview | ||
| 942 | |c BK |2 ddc | ||
| 945 | |a dcastane |d 20191111 01:17:00 | ||
| 952 | |0 0 |1 0 |3 erb |4 0 |6 343_830720000000000_HER_2019 |7 0 |8 A |9 495402 |a BIBDER |b BIBDER |d 2019-10-18 |e 46 |i 5564816 |l 4 |m 2 |o 343.83072 HER 2019 |p 5564816 |r 2023-05-22 |s 2023-05-15 |w 2020-01-06 |y BK |z Catalogado en:20191111 |k DER | ||